| 000 | 004390000a22001810004500 | ||
|---|---|---|---|
| 003 | MACL | ||
| 005 | 20151011170637.0 | ||
| 008 | 151011b xxu||||| |||| 00| 0 eng d | ||
| 040 |
_aMACL _cMACL |
||
| 041 | _aEnglish | ||
| 082 | _a920/JHA | ||
| 100 |
_aJha, Amarnath _914462 |
||
| 245 |
_aSarojini Naidu _bA Personal Homage |
||
| 260 |
_bThe Indian Press _aAllahabad |
||
| 350 | _a10 | ||
| 650 |
_aBiography _914463 |
||
| 942 |
_cBK _k920 _2ddc |
||
| 999 |
_c6792 _d6792 |
||